Countries of Africa by Area with Map - Statistics

General Stats
  • This quiz has been taken 276 times
  • The average score is 39 of 54
Answers on the Map
Answers color-coded by a green-red scale on the quiz's map according to % correct below.
 
Answer Stats
2021 Area (km²) Country % Correct
2,381,741 Algeria
100%
2,344,858 D. R. Congo
99%
1,759,540 Libya
99%
1,886,068 Sudan
99%
1,284,000 Chad
98%
1,267,000 Niger
98%
1,246,700 Angola
96%
1,104,300 Ethiopia
95%
1,240,192 Mali
95%
1,221,037 South Africa
95%
1,002,450 Egypt
94%
1,030,700 Mauritania
94%
945,087 Tanzania
93%
923,768 Nigeria
91%
801,590 Mozambique
90%
825,615 Namibia
90%
752,612 Zambia
86%
637,657 Somalia
85%
710,850 Morocco
83%
622,984 Central African Republic
82%
587,041 Madagascar
81%
580,367 Kenya
80%
582,000 Botswana
79%
619,745 South Sudan
79%
475,442 Cameroon
77%
390,757 Zimbabwe
77%
322,463 Ivory Coast
70%
342,000 Rep. of the Congo
69%
272,967 Burkina Faso
68%
267,668 Gabon
66%
245,857 Guinea
64%
241,550 Uganda
62%
238,533 Ghana
61%
196,722 Senegal
61%
163,610 Tunisia
61%
118,484 Malawi
59%
112,622 Benin
58%
117,600 Eritrea
58%
111,369 Liberia
58%
56,785 Togo
56%
71,740 Sierra Leone
55%
30,355 Lesotho
51%
36,125 Guinea-Bissau
50%
452 Seychelles
49%
23,200 Djibouti
48%
26,338 Rwanda
48%
27,834 Burundi
47%
4,033 Cape Verde
47%
28,051 Equatorial Guinea
47%
17,364 Eswatini
46%
10,689 Gambia
46%
964 São Tomé and Príncipe
46%
1,862 Comoros
45%
2,040 Mauritius
45%
No matching quizzes found
Score Distribution
Percent of People with Each Score
Percentile by Number Answered
Your Score History
You have not taken this quiz